| 000 | 00975nam a2200217 a 4500 | ||
|---|---|---|---|
| 008 | 100119s2003 ||||||||||||||||| || u | ||
| 020 | _a1405811277 | ||
| 050 | _aPE 1625 Lon | ||
| 100 | _aSummers, Della | ||
| 245 | 1 | 0 |
_aLongman dictionary of contemporary English: the living dictionary _c[directed by Della Summers] |
| 246 | _aDictionary of contemporary English | ||
| 260 |
_aHarlow, Essex _bPearson _c2003 |
||
| 300 | _axvii, 1949p.: ill. + CD-ROM | ||
| 350 | _a0.00 | ||
| 500 | _aAccompanied by a CD-ROM, see the Reference Librarian (CBU) | ||
| 650 | 0 | _aENGLISH LANGUAGE--DICTIONARIES | |
| 650 | _aDICTIONARIES | ||
| 650 | _aENGLISH LANGUAGE--TERMS AND PHRASES | ||
| 995 |
_aOFFICE (Staff usage) _D0.00 _e741010 _FCBU-MAIN LIBRARY (Kitwe) _H1 _I0.00 _jPE 1625 LON _M1 _UOFFICE _WMar 19, 2010 _y741010 _ZReference Collection |
||
| 995 |
_aREFERENCE BOOKS _D0.00 _e741011 _FCBU-MAIN LIBRARY (Kitwe) _H1 _I0.00 _jPE 1625 LON _M2 _UREFERENCE _WMar 19, 2010 _y741011 _ZReference Collection |
||
| 999 |
_c82252 _d82252 |
||